Phát triển năng lực và thăng tiến trong doanh nghiệp Nhật Bản
Nội dung sách gồm: Chương 1: Những ngộ nhận liên quan tới công việc; Chương 2: Mười hai kỹ năng cơ bản dẫn đến sự thành công trong công việc; Chương 3: Những quy tắc giúp bạn vững tiến trên nấc thang sự nghiệp....
محفوظ في:
| المؤلف الرئيسي: | |
|---|---|
| التنسيق: | كتاب |
| اللغة: | Undetermined |
| منشور في: |
Hà Nội
Lao động
2015
|
| الموضوعات: | |
| الوسوم: |
إضافة وسم
لا توجد وسوم, كن أول من يضع وسما على هذه التسجيلة!
|
| Thư viện lưu trữ: | Trung tâm Học liệu Trường Đại học Cần Thơ |
|---|
| LEADER | 00994nam a2200217Ia 4500 | ||
|---|---|---|---|
| 001 | CTU_203110 | ||
| 008 | 210402s9999 xx 000 0 und d | ||
| 020 | |c 57000 | ||
| 082 | |a 650.14 | ||
| 082 | |b Y94 | ||
| 100 | |a Yukio, Okubo | ||
| 245 | 0 | |a Phát triển năng lực và thăng tiến trong doanh nghiệp Nhật Bản | |
| 245 | 0 | |c Yukio Okubo ; Nguyễn Hương Lan (dịch) | |
| 260 | |a Hà Nội | ||
| 260 | |b Lao động | ||
| 260 | |c 2015 | ||
| 520 | |a Nội dung sách gồm: Chương 1: Những ngộ nhận liên quan tới công việc; Chương 2: Mười hai kỹ năng cơ bản dẫn đến sự thành công trong công việc; Chương 3: Những quy tắc giúp bạn vững tiến trên nấc thang sự nghiệp. | ||
| 650 | |a Tìm việc làm,Job hunting,Success in public life | ||
| 904 | |i Tuyến | ||
| 910 | |a Khoa | ||
| 980 | |a Trung tâm Học liệu Trường Đại học Cần Thơ | ||